000 00521 a2200181 4500
999 _c6311
_d6311
020 _a0521787211
050 0 0 _aQH 308 TAY 2001
100 1 _aTaylor, Dennis.
245 1 0 _aGrowth, development, and reproduction /
_cDennis Taylor.
264 _aCambridge:
_bCambridge University Press,
_c2001
300 _a114p.:
_bill.( col.)
440 0 _aCambridge Advanced Sciences
500 _aIncludes index.
650 0 _aGrowth.
650 0 _aReproduction.
650 0 _aDevelopmental biology.
942 _2lcc
_cBK
_h308
_iTAY
_kQH